000 00851nam a2200241Ia 4500
003 PE SENCICO BE
005 20251020182443.0
008 200515s9999 xx 000 0 und d
020 _a968-24-5372-0
040 _aPE SENCICO BE
_cPE SENCICO BE
041 _aspa
082 _a530
_bP77
100 1 _aPople, Stephen
_93340
_eautor
245 1 0 _aFísica razonada /
_cStephen Pople
250 _a1a ed.
260 _aMéxico, D.F. :
_bTrillas,
_c1997
300 _a524 páginas :
_bilustraciones, tablas, gráficos ;
_c25 cm.
505 0 _aFuerzas y movimiento -- Fuerza, trabajo y energía -- Densidad y presión -- Movimiento molecular y calor -- Ondas: luz y sonidos -- Energía eléctrica -- Imanes y corrientes -- Electrones y átomos
650 1 0 _aFísica
_974
650 2 0 _aOndas
_93315
650 2 0 _aÁtomos
_93094
942 _cLIB
_2ddc
999 _c621
_d621